Các truyền thuyết, huyền thoại liên quan đến di tích lịch sử và danh thắng ở Phú Yên
Sách giới thiệu khái quát về địa lý, lịch sử, văn hóa, truyền thuyết, huyền thoại liên quan đến vùng đất Phú Yên
Đã lưu trong:
| Institution som forfatter: | |
|---|---|
| Format: | Bog |
| Sprog: | Undetermined |
| Udgivet: |
Hà Nội
Văn hóa Dân tộc
2010
|
| Fag: | |
| Tags: |
Tilføj Tag
Ingen Tags, Vær først til at tagge denne postø!
|
| Thư viện lưu trữ: | Trung tâm Học liệu Trường Đại học Cần Thơ |
|---|
| LEADER | 00951nam a2200193Ia 4500 | ||
|---|---|---|---|
| 001 | CTU_167782 | ||
| 008 | 210402s9999 xx 000 0 und d | ||
| 082 | |a 398.209597 | ||
| 082 | |b H452 | ||
| 110 | |a Hội Văn nghệ dân gian Việt Nam | ||
| 245 | 0 | |a Các truyền thuyết, huyền thoại liên quan đến di tích lịch sử và danh thắng ở Phú Yên | |
| 245 | 0 | |c Đào Minh Hiệp, Đoàn Việt Hùng (Sưu tầm, biên soạn, giới thiệu) | |
| 260 | |a Hà Nội | ||
| 260 | |b Văn hóa Dân tộc | ||
| 260 | |c 2010 | ||
| 520 | |a Sách giới thiệu khái quát về địa lý, lịch sử, văn hóa, truyền thuyết, huyền thoại liên quan đến vùng đất Phú Yên | ||
| 650 | |a Folk literature, vietnamese,Văn học dân gian Việt Nam | ||
| 904 | |i Trọng Hải | ||
| 980 | |a Trung tâm Học liệu Trường Đại học Cần Thơ | ||